Logo BPK

Biblioteka

Politechniki Koszalińskiej

Przykładowa dokumentacja przyjętych zasad rachunkowości w organizacjach społecznych, stowarzyszeniach, izbach gospodarczych, fundacjach, związkach zawodowych i partiach politycznych : (Rekord nr 30841)

Szczegóły MARC
000 -ETYKIETA REKORDU
podpole kontrolne o stałej długości 01648nam a2200409 i 4500
001 - NUMER KONTROLNY REKORDU
pole kontrolne 30841
003 - IDENTYFIKATOR NUMERU KONTROLNEGO REKORDU
podpole kontrolne KOSZ 005
005 - DATA OSTATNIEJ MODYFIKACJI REKORDU
podpole kontrolne 20210510143749.0
008 - POLE O STAŁEJ DŁUGOŚCI - DANE KONTROLNE
podpole kontrolne o stałej długości 980713s1996 pl f |000 0 pol
015 ## - NUMER BIBLIOGRAFII NARODOWEJ
Numer bibliografii narodowej UWD 1997/8477
020 ## - MIĘDZYNARODOWY ZNORMALIZOWANY NUMER KSIĄŻKI - ISBN
ISBN 8386543663
035 ## - NUMER SYSTEMOWY
Numer systemowy przejętego rekordu 991004940369705066
035 ## - NUMER SYSTEMOWY
Numer systemowy przejętego rekordu (PL-WaBN)b11298881-48omnis_nlop
035 ## - NUMER SYSTEMOWY
Numer systemowy przejętego rekordu b11298881
035 ## - NUMER SYSTEMOWY
Numer systemowy przejętego rekordu (OCoLC)749561928
035 ## - NUMER SYSTEMOWY
Numer systemowy przejętego rekordu zz2004968315
035 ## - NUMER SYSTEMOWY
Numer systemowy przejętego rekordu (PL)b0000001129888
035 ## - NUMER SYSTEMOWY
Numer systemowy przejętego rekordu (EXLNZ-48OMNIS_NETWORK)9910196865205606
040 ## - ŹRÓDŁO KATALOGOWANIA
Instytucja, która sporządziła opis WA N
Instytucja, która utworzyła rekord WA N
Instytucja, która dokonała modyfikacji KOSZ 005/EG
080 ## - UNIWERSALNA KLASYFIKACJA DZIESIĘTNA - UKD
UKD 657
100 1# - NAZWA OSOBOWA
Nazwa osobowa Karwowski, Edward
Określenie rodzaju współpracy Autor
245 10 - TYTUŁ/ODPOWIEDZIALNOŚĆ
Tytuł Przykładowa dokumentacja przyjętych zasad rachunkowości w organizacjach społecznych, stowarzyszeniach, izbach gospodarczych, fundacjach, związkach zawodowych i partiach politycznych :
Ciąg dalszy tytułu wzór uchwały wprowadzającej, zakładowy plan kont, wykaz ksiąg rachunkowych (zbiorów stanowiących księgi rachunkowe), wzory formularzy o rachunkowości i przepisów wykonawczych /
Pozostałe elementy strefy tytułu i oznaczenia odpowiedzialności Edward Karwowski ; Fundacja Rozwoju Rachunkowości w Polsce.
260 ## - STREFA ADRESU WYDAWNICZEGO
Miejsce wydania Warszawa :
Nazwa wydawcy/dystrybutora nakł. FRR,
Data publikacji, dystrybucji/powstania dokumentu 1996.
300 ## - STREFA OPISU FIZYCZNEGO
Objętość [2], 300 s. ;
Rozmiary 24 cm.
336 ## - TYP ZAWARTOŚCI
Termin opisujący typ zawartości Tekst
Kod określający zawartość txt
Źródło (terminu i kodu) rdacontent
337 ## - TYP MEDIÓW
Tryb odtwarzania Bez urządzenia pośredniczącego
Kod typu mediów n
Źródło (terminu i kodu) rdamedia
338 ## - TYP/RODZAJ NOŚNIKA
Hasło opisujące typ nośnika Wolumin
Kod typu nośnika nc
Źródło (terminu i kodu) rdacarrier
380 ## - FORMA I TYP PUBLIKACJI
Forma i typ publikacji Książki
388 ## - CZAS POWSTANIA
Czas powstania 1901-2000
388 ## - CZAS POWSTANIA
Czas powstania 1989-2000
650 #7 - HASŁO PRZEDMIOTOWE W FORMIE NAZWY OGÓLNEJ LUB JEDNOSTKOWEJ
Nazwa ogólna lub geograficzna Rachunkowość
Źródło hasła lub terminu DBN
655 #7 - TERMIN INDEKSOWY - OKREŚLENIE RODZAJU/FORMY DOKUMENTU
Określenie rodzaju/formy dokumentu Poradniki
Źródło terminu DBN
658 ## - TERMIN INDEKSOWY - PRZEDMIOT PROGRAMU NAUCZANIA
Główny przedmiot programu nauczania Gospodarka, ekonomia, finanse
856 ## - LOKALIZACJA I DOSTĘP DO ELEKTRONICZNYCH DOKUMENTÓW ZDALNYCH
Link (URL) http://koha.tu.koszalin.pl/cgi-bin/koha/opac-detail.pl?biblionumber=30841
Tekst linku Katalog online BPK
942 ## - DODATKOWE ELEMENTY (KOHA)
Schemat klasyfikacji Uniwersalna Klasyfikacja Dziesiętna
Typ dokumentu Książka
Egzemplarze
Wycofany Status egzemplarza Uszkodzony Dostępność Lokalizacja stała Lokalizacja bieżąca Miejsce przechowywania Sygnatura Kod kreskowy Dział Typ dokumentu
      Tylko na miejscu Biblioteka Politechniki Koszalińskiej Biblioteka Politechniki Koszalińskiej Czytelnia BG 37726 01803341 657 Rachunkowość Książka
© 2023 Biblioteka Politechniki Koszalińskiej :: KOHA